01273nam a22002297a 450000500170000000800410001702000180005804000070007604100080008308200180009110000150010924500400012425000060016426000270017030000250019736500940022252006570031665000280097365000120100165000150101370000150102820260401160305.0260401b |||||||| |||| 00| 0 eng d a9788126543953 cAL aeng a620.106bMERE aMeriam J L aEngineering mechanics dynamics Ed 7 a7 aNew DelhibWileyc2015 axx,723pbPBc23x18cm 2Information Science and EngineeringaVBI-2645b₹546.75c₹d₹729.00e25%f20-02-2026 aKnown for its accuracy, clarity, and dependability, Meriam & Kraige's Engineering Mechanics: Dynamics has provided a solid foundation of mechanics principles for more than 60 years. Now in its seventh edition, the text continues to help students develop their problem-solving skills with an extensive variety of engaging problems related to engineering design. More than 50% of the homework problems are new, and there are also a number of new sample problems. To help students build necessary visualization and problem-solving skills, the text strongly emphasizes drawing free-body diagrams-the most important skill needed to solve mechanics problems. aKinematics of Particles aInertia aSI Version aKraige L G